000 01313nam a22003617a 4500
003 CHAP
005 20220329141738.0
008 971013s1979 r 00010 d
010 _a73238
011 _a74210
035 _a83769
040 _cCHAP
090 _aTesis
100 0 0 _aGarcía Neira, Javier Héctor.
_946367
245 _aRespuesta de la cebolla (Allium cepa L.) a diferentes dosis de nitrógeno y fósforo bajo las condiciones del campo de Apodaca, N.L.
260 _a(Monterrey, N.L.) :
_bEl autor,
_c1979
300 _a40 h.
502 _aTesis (Ing. Agrónomo en Producción) -- ITESM. Div. de Ciencias Agropecuarias y Marítimas
590 _aALEPH
_b10
_c20130110
_lUCH01
_h1415
590 _aBATCH-UPD
_b10
_c20130110
_lUCH01
_h0227
590 _aBATCH-UPD
_b10
_c20130110
_lUCH01
_h2147
590 _aBATCH-UPD
_b10
_c20130409
_lUCH01
_h2249
590 _aBATCH-UPD
_b10
_c20130410
_lUCH01
_h1455
590 _aBATCH-UPD
_b10
_c20130914
_lUCH01
_h0906
590 _aCONVERSION
_b10
_c20130109
_lUCH01
_h1340
650 1 4 _aCebolla
_xNuevo León.
_920791
650 1 4 _aFertilizantes
_xEfecto en cebolla.
_940491
650 1 4 _aFósforo
_xEfecto en cebolla.
_942224
650 1 4 _aNitrógeno
_xEfecto en cebolla.
_981420
901 _aBK
942 _cTESIS
949 _bBC
_cTES
_d-38555
_eTS1
_i83769
_si
999 _c73238
_d73238